[Event "Mexican op 69th"]
[Site "Mexico City"]
[Date "2024.03.29"]
[Round "6"]
[White "Galaviz Medina, Sion Radamantys"]
[Black "Hernandez Guerrero, Gilberto Eduardo"]
[Result "1-0"]
[WhiteElo "2439"]
[BlackElo "2507"]
[PlyCount "61"]
[EventDate "2024.03.26"]
[EventType "swiss"]
[EventRounds "9"]
[EventCountry "MEX"]
[SourceTitle "CB14_2024"]
[SourceDate "2024.04.01"]
[SourceVersion "1"]
[SourceVersionDate "2024.04.01"]
[SourceQuality "1"]

1. d4 Nf6 2. c4 g6 3. Nc3 Bg7 4. e4 d6 5. Be2 c6 6. Nf3 0-0 7. 0-0 Na6 8. Be3 e5 9. Qc1 exd4 10. Nxd4 Re8 11. f3 Qe7 12. Re1 Nh5 13. Bf1 Be5 14. Qd2 Nc5 15. f4 Bg7 16. b4 Ne6 17. g3 a5 18. b5 Nf6 19. bxc6 Nxd4 20. Bxd4 bxc6 21. Bg2 Ra6 22. Rad1 Bg4 23. Rb1 Be6 24. Nd5 Qd8 25. Bxf6 Bxf6 26. Rb8 Qxb8 27. Nxf6+ Kf8 28. f5 Bc8 29. Qh6+ Ke7 30. Nxe8 Kxe8 31. Qxh7 1-0

[Event "Mexican op 69th"]
[Site "Mexico City"]
[Date "2024.03.27"]
[Round "2"]
[White "Galaviz Medina, Sion Radamantys"]
[Black "Herrera, Aguilar Rene Alexi"]
[Result "1-0"]
[WhiteElo "2439"]
[BlackElo "2075"]
[PlyCount "69"]
[EventDate "2024.03.26"]
[EventType "swiss"]
[EventRounds "9"]
[EventCountry "MEX"]
[SourceTitle "CB14_2024"]
[SourceDate "2024.04.01"]
[SourceVersion "1"]
[SourceVersionDate "2024.04.01"]
[SourceQuality "1"]

1. d4 Nf6 2. c4 c5 3. d5 b5 4. Qc2 bxc4 5. e4 d6 6. Bxc4 g6 7. Nf3 Bg7 8. 0-0 0-0 9. Nc3 Ba6 10. Nb5 Nfd7 11. a4 Nb6 12. Be2 Qd7 13. Rd1 Qb7 14. Bg5 h6 15. Bh4 Nc8 16. Ra3 Nd7 17. Nd2 Rb8 18. Nb3 Qb6 19. Qd2 g5 20. Bg3 Ne5 21. h4 Ng6 22. hxg5 hxg5 23. Na5 Bxb5 24. axb5 Bh6 25. Nc6 Rb7 26. e5 Qc7 27. exd6 exd6 28. b4 cxb4 29. Qxb4 Bg7 30. Qg4 Bh6 31. Qf5 Kg7 32. Rf3 Qd7 33. Qf6+ Kg8 34. Bd3 Nce7 35. Qxd6 1-0

[Event "Carlos Torre Memorial op 33rd"]
[Site "Merida"]
[Date "2023.12.18"]
[Round "7"]
[White "Griffith, Kyron"]
[Black "Galaviz Medina, Sion Radamantys"]
[Result "1-0"]
[WhiteElo "2335"]
[BlackElo "2454"]
[PlyCount "97"]
[EventDate "2023.12.15"]
[EventType "swiss"]
[EventRounds "9"]
[EventCountry "MEX"]
[SourceTitle "CB52_2023"]
[SourceDate "2023.12.27"]
[SourceVersion "1"]
[SourceVersionDate "2023.12.27"]
[SourceQuality "1"]

1. e4 c5 2. Nf3 d6 3. d4 cxd4 4. Nxd4 Nf6 5. Nc3 a6 6. Rg1 e5 7. Nb3 h5 8. h3 Be6 9. Be3 Nbd7 10. Qd2 Qc7 11. 0-0-0 Be7 12. Kb1 b5 13. a3 Nb6 14. f3 Nc4 15. Qe1 Rc8 16. Bxc4 bxc4 17. Nc1 Rb8 18. N1a2 Qb7 19. Bc1 d5 20. Nxd5 Bc5 21. Rf1 Bxd5 22. exd5 0-0 23. Qxe5 Rfc8 24. g4 Bxa3 25. Qc3 Bd6 26. gxh5 Nxh5 27. f4 Rc5 28. Rd4 Be7 29. Rxc4 Bf6 30. Rxc5 Bxc3 31. Nxc3 Nf6 32. Rd1 Rc8 33. Rxc8+ Qxc8 34. Rd3 Nd7 35. d6 Qc5 36. Be3 Qc6 37. b3 Qh1+ 38. Kb2 Qxh3 39. Nd5 f6 40. Nb6 g5 41. fxg5 fxg5 42. Nxd7 Qxd7 43. c4 Kf8 44. c5 Qf5 45. Kc2 Ke8 46. c6 Qa5 47. d7+ Kd8 48. Bd4 Qa2+ 49. Bb2 1-0

[Event "Carlos Torre Memorial op 33rd"]
[Site "Merida"]
[Date "2023.12.16"]
[Round "4"]
[White "Galaviz Medina, Sion Radamantys"]
[Black "Perez Leiva, Jerzy Jesus"]
[Result "1/2-1/2"]
[WhiteElo "2454"]
[BlackElo "2355"]
[PlyCount "137"]
[EventDate "2023.12.15"]
[EventType "swiss"]
[EventRounds "9"]
[EventCountry "MEX"]
[SourceTitle "CB52_2023"]
[SourceDate "2023.12.27"]
[SourceVersion "1"]
[SourceVersionDate "2023.12.27"]
[SourceQuality "1"]

1. d4 Nf6 2. c4 e6 3. Nc3 Bb4 4. e3 0-0 5. Bd2 d5 6. Nf3 Re8 7. Rc1 Nbd7 8. a3 Bf8 9. cxd5 exd5 10. Bd3 c6 11. Qc2 Bd6 12. 0-0 Qe7 13. Nh4 g6 14. g3 Ne4 15. Ng2 Ndf6 16. f3 Nxd2 17. Qxd2 c5 18. Nb5 cxd4 19. exd4 a6 20. Rfe1 Qd8 21. Nxd6 Qxd6 22. Rxe8+ Nxe8 23. Nf4 Ng7 24. Rc5 Be6 25. Qb4 Qd8 26. Qxb7 Rb8 27. Qc7 Qxc7 28. Rxc7 g5 29. Nxe6 Nxe6 30. Rd7 Rxb2 31. Rxd5 Rb3 32. Bxa6 Rxa3 33. Bc8 h6 34. Rd6 Rd3 35. Bxe6 fxe6 36. Rxe6 Kg7 37. Rd6 Rxf3 38. d5 h5 39. Kg2 Rd3 40. Rd8 h4 41. d6 hxg3 42. hxg3 Kf7 43. Kh3 Rd4 44. d7 Ke7 45. Rg8 Kxd7 46. Rxg5 Ke6 47. Rg4 Rd8 48. Rf4 Ke5 49. Kg4 Rg8+ 50. Kf3 Ra8 51. Kg2 Rb8 52. Rf7 Ke6 53. Rf2 Rg8 54. Rf3 Ke5 55. Rf2 Ke4 56. Rf7 Ke5 57. Kf3 Rg5 58. g4 Ke6 59. Rf8 Rg6 60. Kf4 Rf6+ 61. Rxf6+ Kxf6 62. g5+ Kg6 63. Kg4 Kg7 64. Kf5 Kf7 65. g6+ Kg7 66. Kg5 Kg8 67. Kf6 Kf8 68. g7+ Kg8 69. Kg6 1/2-1/2

[Event "Wch U18"]
[Site "Montesilvano"]
[Date "2023.11.21"]
[Round "8"]
[White "Galaviz Medina, Sion Radamantys"]
[Black "Chyzy, Jakub"]
[Result "0-1"]
[WhiteElo "2461"]
[BlackElo "2286"]
[PlyCount "70"]
[EventDate "2023.11.13"]
[EventType "swiss"]
[EventRounds "11"]
[EventCountry "ITA"]
[SourceTitle "CB48_2023"]
[SourceDate "2023.11.29"]
[SourceVersion "1"]
[SourceVersionDate "2023.11.29"]
[SourceQuality "1"]

1. d4 Nf6 2. c4 e6 3. Nc3 Bb4 4. Qc2 d5 5. cxd5 exd5 6. Bg5 h6 7. Bh4 c5 8. e3 0-0 9. Nf3 Be6 10. dxc5 Nbd7 11. Be2 Rc8 12. a3 Bxc3+ 13. Qxc3 g5 14. Bg3 Ne4 15. Qd4 Ndxc5 16. Rd1 Nb3 17. Qb4 Nc1 18. Nd4 Nxe2 19. Kxe2 Rc4 20. Qb5 Bd7 21. Qxb7 Bc8 22. Qxa7 Qf6 23. Qa5 Ba6 24. Ke1 Rc5 25. Qa4 Rfc8 26. f3 Rc4 27. Qb3 Nc5 28. Qa2 Ne6 29. Nb3 Rc2 30. Rd2 d4 31. Qb1 Rxd2 32. Kxd2 dxe3+ 33. Kxe3 Nf4 34. Bxf4 Qb6+ 35. Ke4 Rc4+ 0-1

[Event "Wch U18"]
[Site "Montesilvano"]
[Date "2023.11.17"]
[Round "5"]
[White "Galaviz Medina, Sion Radamantys"]
[Black "Pasti, Aron"]
[Result "1/2-1/2"]
[WhiteElo "2461"]
[BlackElo "2397"]
[PlyCount "109"]
[EventDate "2023.11.13"]
[EventType "swiss"]
[EventRounds "11"]
[EventCountry "ITA"]
[SourceTitle "CB48_2023"]
[SourceDate "2023.11.29"]
[SourceVersion "1"]
[SourceVersionDate "2023.11.29"]
[SourceQuality "1"]

1. d4 Nf6 2. c4 e6 3. Nc3 Bb4 4. e3 0-0 5. Bd2 d5 6. Nf3 b6 7. cxd5 exd5 8. Rc1 Bd6 9. Nb5 c5 10. Nxd6 Qxd6 11. dxc5 bxc5 12. Be2 Bf5 13. 0-0 Nbd7 14. Qa4 Ng4 15. h3 Nge5 16. Qf4 Qe6 17. Nxe5 Nxe5 18. Bc3 Nd3 19. Bxd3 Bxd3 20. Rfd1 c4 21. Qg4 Qg6 22. Qxg6 hxg6 23. b4 Rfb8 24. a4 a6 25. Rd2 Rb7 26. Rcd1 f6 27. Rb2 Kf7 28. f3 Ke6 29. Kf2 Rab8 30. Rh1 Kd6 31. h4 Kc6 32. g4 Rh8 33. Kg3 Re8 34. Re1 Rh8 35. Ra1 Re8 36. Re1 Rh8 37. Rh1 Re8 38. Kf2 Rh8 39. Rh2 Re8 40. h5 Rh8 41. Kg3 Re8 42. Bd4 Reb8 43. hxg6 Bxg6 44. Bc3 Bd3 45. Rh5 Bg6 46. Rh4 Re8 47. Kf2 Bd3 48. Rh5 Bg6 49. Rh1 Bd3 50. Ra1 Reb8 51. Kg3 Re8 52. Bd4 Reb8 53. Bc3 Re8 54. Bd4 Reb8 55. Bc3 1/2-1/2

[Event "Ojinaga Perla del Desierto op"]
[Site "Ojinaga"]
[Date "2023.10.27"]
[Round "4"]
[White "Gonzalez Zamora, Juan Carlos"]
[Black "Galaviz Medina, Sion Radamantys"]
[Result "1/2-1/2"]
[WhiteElo "2479"]
[BlackElo "2454"]
[PlyCount "112"]
[EventDate "2023.10.26"]
[EventType "swiss"]
[EventRounds "7"]
[EventCountry "MEX"]
[SourceTitle "Mega2024 Update 01"]
[Source "Chessbase"]
[SourceDate "2023.11.12"]
[SourceVersion "1"]
[SourceVersionDate "2023.11.12"]
[SourceQuality "1"]

1. d4 d5 2. Nf3 Nf6 3. Bf4 e6 4. e3 Bd6 5. Nbd2 0-0 6. Bd3 b6 7. Ne5 Bb7 8. Qf3 Nc6 9. c3 Ne7 10. Qh3 Ng6 11. Bg5 Be7 12. Bxf6 Bxf6 13. Nxg6 hxg6 14. f4 a5 15. Nf3 Ba6 16. Bxa6 Rxa6 17. Qg4 Qe8 18. Rd1 Qa4 19. Rd2 Qxa2 20. Kf2 Rd8 21. h4 Kf8 22. Ne5 Qa4 23. h5 gxh5 24. Rxh5 Ke7 25. Rh7 Raa8 26. Qh5 Rf8 27. g4 Qe8 28. Nf3 Kd8 29. g5 g6 30. Qh1 Bh8 31. c4 Kc8 32. cxd5 exd5 33. Ne5 c6 34. Qh3+ Kd8 35. Nxf7+ Rxf7 36. Rxh8 Rf8 37. Rxf8 Qxf8 38. Rc2 Qe8 39. Qh7 Rc8 40. Qg7 Rc7 41. Qe5 Qxe5 42. dxe5 Ke7 43. Kf3 Ke6 44. Rh2 a4 45. Rh8 b5 46. Rf8 Ke7 47. Rb8 Ke6 48. Kg4 Ra7 49. Re8+ Kf7 50. Rc8 b4 51. Rxc6 a3 52. bxa3 bxa3 53. Rc1 a2 54. Ra1 Ke6 55. Kf3 Kf5 56. Ke2 Ke4 1/2-1/2

[Event "Wch U20 60th"]
[Site "Mexico City"]
[Date "2023.09.30"]
[Round "9"]
[White "Stefansson, Vignir Vatnar"]
[Black "Galaviz Medina, Sion Radamantys"]
[Result "1/2-1/2"]
[WhiteElo "2484"]
[BlackElo "2462"]
[PlyCount "105"]
[EventDate "2023.09.21"]
[EventType "swiss"]
[EventRounds "11"]
[EventCountry "MEX"]
[SourceTitle "EXT 2024"]
[Source "ChessBase"]
[SourceDate "2023.10.10"]
[SourceVersion "1"]
[SourceVersionDate "2023.10.10"]
[SourceQuality "1"]

1. d4 d5 2. c4 e6 3. Nf3 Nf6 4. g3 Be7 5. Bg2 0-0 6. 0-0 dxc4 7. Ne5 Nc6 8. Bxc6 bxc6 9. Nxc6 Qd7 10. Nxe7+ Qxe7 11. Qa4 e5 12. dxe5 Qxe5 13. Qxc4 Be6 14. Qd3 Rad8 15. Qe3 Qh5 16. f3 Rfe8 17. Qg5 Qh3 18. Nc3 Bc4 19. Be3 Nd5 20. Bxa7 h6 21. Qc1 Nxc3 22. Qxc3 Bxe2 23. Rf2 Bd1 24. Be3 Qf5 25. Bd4 c5 26. Rxd1 Rxd4 27. Rxd4 cxd4 28. Qxd4 Qb1+ 29. Kg2 Qxa2 30. b4 Qa6 31. Rb2 Qa1 32. Qf2 Re1 33. Ra2 Rg1+ 34. Qxg1 Qxa2+ 35. Qf2 Qb3 36. Qd2 Qb1 37. Kf2 Qb3 38. h4 f5 39. Qd4 Kh7 40. h5 Qc2+ 41. Kg1 Qe2 42. Qf2 Qd1+ 43. Kg2 Qb3 44. Qc5 Qd3 45. Qf2 Qb3 46. Qd2 Qb1 47. Kf2 Qh1 48. g4 Qh2+ 49. Ke3 Qe5+ 50. Kd3 Qd5+ 51. Ke3 Qe5+ 52. Kf2 Qh2+ 53. Ke3 1/2-1/2

[Event "American Continental 17th"]
[Site "Juan Dolio"]
[Date "2023.05.21"]
[Round "9"]
[White "Galaviz Medina, Sion Radamantys"]
[Black "Urbina, Ricardo"]
[Result "1-0"]
[WhiteElo "2398"]
[BlackElo "2196"]
[PlyCount "81"]
[EventDate "2023.05.15"]
[EventType "swiss"]
[EventRounds "11"]
[EventCountry "DOM"]
[SourceTitle "CBM 214 Extra"]
[Source "ChessBase"]
[SourceDate "2023.07.31"]
[SourceVersion "1"]
[SourceVersionDate "2023.07.31"]
[SourceQuality "1"]

1. d4 d5 2. c4 c6 3. Nf3 Nf6 4. Nc3 e6 5. e3 Nbd7 6. Qc2 Bd6 7. b3 0-0 8. Bb2 Qe7 9. Be2 e5 10. cxd5 cxd5 11. dxe5 Nxe5 12. 0-0 Bg4 13. Nd4 Rac8 14. Nf5 Qd7 15. Nxd6 Qxd6 16. f3 Bd7 17. Qd2 Rfe8 18. Rfd1 Qb6 19. Rac1 Ng6 20. Kf2 Qe6 21. Qd4 Bc6 22. Qxa7 Nh4 23. Bd3 Qe5 24. Qd4 Qxh2 25. Rg1 Nh5 26. Ne2 Re6 27. Qg4 Nxf3 28. Qxf3 d4 29. Bxd4 Qh4+ 30. g3 Qg5 31. Nf4 Nf6 32. Nxe6 Ng4+ 33. Ke1 Qa5+ 34. b4 Qxb4+ 35. Ke2 Bxf3+ 36. Kxf3 Rxc1 37. Rxc1 Nh2+ 38. Ke2 fxe6 39. Rc7 Qd6 40. Rc8+ Kf7 41. Bc5 1-0

[Event "Mexican op 68th"]
[Site "Mexico City"]
[Date "2023.04.08"]
[Round "8"]
[White "Galaviz Medina, Sion Radamantys"]
[Black "Ibarra Chami, Luis Fernando"]
[Result "0-1"]
[WhiteElo "2378"]
[BlackElo "2440"]
[PlyCount "104"]
[EventDate "2023.04.04"]
[EventType "swiss"]
[EventRounds "9"]
[EventCountry "MEX"]
[SourceTitle "CBM 213 Extra"]
[Source "ChessBase"]
[SourceDate "2023.05.31"]
[SourceVersion "1"]
[SourceVersionDate "2023.05.31"]
[SourceQuality "1"]

1. d4 d5 2. c4 e6 3. Nc3 a6 4. cxd5 exd5 5. Nf3 Nf6 6. Bg5 Be6 7. e3 Nbd7 8. Bd3 Bd6 9. 0-0 c6 10. Nd2 h6 11. Bf4 Qc7 12. Bxd6 Qxd6 13. f4 g6 14. Rc1 Bf5 15. Nf3 Qe6 16. Ne5 Ng4 17. e4 Bxe4 18. Bxe4 Ne3 19. Qe1 Nxf1 20. Bd3 Nxe5 21. fxe5 Qg4 22. Bxf1 Qxd4+ 23. Qf2 Qxf2+ 24. Kxf2 0-0-0 25. Re1 Rhe8 26. g3 Kc7 27. Bh3 Re7 28. Kf3 d4 29. Nd1 Rde8 30. Re4 c5 31. Rf4 Kc6 32. Rf6+ Kd5 33. e6 Ke5 34. Rxf7 Rxf7+ 35. exf7 Rf8 36. Nf2 Rxf7+ 37. Ke2 c4 38. Bg2 b5 39. Ne4 Rc7 40. Nd2 Re7 41. Nf3+ Kd5+ 42. Kd2 Kc5 43. Ne1 b4 44. b3 d3 45. bxc4 Re2+ 46. Kd1 Kxc4 47. Bf1 Rxa2 48. Bxd3+ Kc3 49. Bxg6 Rd2+ 50. Kc1 b3 51. Bh5 Rxh2 52. Bf3 Rf2 0-1

[Event "Mexican op 68th"]
[Site "Mexico City"]
[Date "2023.04.07"]
[Round "6"]
[White "Galaviz Medina, Sion Radamantys"]
[Black "Cordova, Emilio"]
[Result "1/2-1/2"]
[WhiteElo "2378"]
[BlackElo "2539"]
[PlyCount "94"]
[EventDate "2023.04.04"]
[EventType "swiss"]
[EventRounds "9"]
[EventCountry "MEX"]
[SourceTitle "CBM 213 Extra"]
[Source "ChessBase"]
[SourceDate "2023.05.31"]
[SourceVersion "1"]
[SourceVersionDate "2023.05.31"]
[SourceQuality "1"]

1. d4 e6 2. c4 Bb4+ 3. Nc3 b6 4. Qc2 Bb7 5. a3 Bxc3+ 6. Qxc3 f5 7. Nf3 Nf6 8. g3 0-0 9. Bg2 d6 10. 0-0 Nbd7 11. b4 Qe8 12. Bb2 Qh5 13. d5 e5 14. Nh4 Rae8 15. Qf3 Ng4 16. h3 e4 17. hxg4 exf3 18. gxh5 fxg2 19. Rfe1 f4 20. Kxg2 Re4 21. f3 Rxc4 22. Rac1 Bxd5 23. Rxc4 Bxc4 24. Rc1 b5 25. gxf4 Rxf4 26. Kg3 Rf7 27. e4 Nf6 28. Bxf6 Rxf6 29. Nf5 Kf8 30. Ne3 Be2 31. f4 Rf7 32. Rc3 Ke8 33. Nd5 Kd8 34. h6 gxh6 35. f5 Rg7+ 36. Kf2 Bc4 37. Ne3 Bf7 38. Rc1 h5 39. Kf3 Rg8 40. Kf4 Kd7 41. Kf3 h6 42. Kf4 a6 43. Kf3 c6 44. Kf4 Rg5 45. Rd1 Ke7 46. Rc1 Be8 47. Rd1 Bf7 1/2-1/2

[Event "Mexican op 68th"]
[Site "Mexico City"]
[Date "2023.04.06"]
[Round "3"]
[White "Mareco, Sandro"]
[Black "Galaviz Medina, Sion Radamantys"]
[Result "1-0"]
[WhiteElo "2624"]
[BlackElo "2378"]
[PlyCount "68"]
[EventDate "2023.04.04"]
[EventType "swiss"]
[EventRounds "9"]
[EventCountry "MEX"]
[SourceTitle "CBM 213 Extra"]
[Source "ChessBase"]
[SourceDate "2023.05.31"]
[SourceVersion "1"]
[SourceVersionDate "2023.05.31"]
[SourceQuality "1"]

1. d4 Nf6 2. c4 e6 3. Nf3 d5 4. Nc3 dxc4 5. e4 b5 6. e5 Nd5 7. Nxb5 Nb6 8. Be2 Nc6 9. 0-0 Be7 10. Be3 0-0 11. Qc1 Ba6 12. Nc3 Nb4 13. Rd1 Rb8 14. a3 N4d5 15. b4 Nxc3 16. Qxc3 Bb5 17. Qc1 Qd7 18. Nd2 Qc6 19. Nb1 Qa8 20. Nc3 Bc6 21. f3 a5 22. Bg5 Bxg5 23. Qxg5 Na4 24. Qd2 axb4 25. axb4 Rxb4 26. Rdc1 Rd8 27. Bd1 Rdb8 28. Ra3 Rb2 29. Rc2 R2b3 30. Rca2 R8b4 31. Nxa4 Rxa4 32. Rxa4 Bxa4 33. Bxb3 cxb3 34. Ra3 Qc6 1-0

[Event "Carlos Torre Memorial op 32nd"]
[Site "Merida"]
[Date "2022.12.20"]
[Round "8"]
[White "Galaviz Medina, Sion Radamantys"]
[Black "Sandoval Mercado, Carlos"]
[Result "1/2-1/2"]
[WhiteElo "2363"]
[BlackElo "2330"]
[PlyCount "79"]
[EventDate "2022.12.16"]
[EventType "swiss"]
[EventRounds "9"]
[EventCountry "MEX"]
[SourceTitle "CBM 212 Extra"]
[Source "ChessBase"]
[SourceDate "2023.03.31"]
[SourceVersion "1"]
[SourceVersionDate "2023.03.31"]
[SourceQuality "1"]

1. d4 Nf6 2. c4 e6 3. Nc3 d5 4. cxd5 exd5 5. Bg5 Be7 6. e3 0-0 7. Bd3 Re8 8. Nge2 c6 9. Qc2 Nbd7 10. 0-0 Nf8 11. f3 g6 12. Rad1 Ne6 13. Bh4 b5 14. Kh1 Bd7 15. Bf2 Rc8 16. e4 Nh5 17. exd5 cxd5 18. Qb3 Bc6 19. Bxb5 Rb8 20. Qa4 Rxb5 21. Nxb5 Nc7 22. Nec3 a6 23. Rfe1 axb5 24. Qc2 Qd7 25. Rc1 Bg5 26. Rxe8+ Nxe8 27. Re1 Nd6 28. b3 b4 29. Nd1 Bb5 30. Be3 Be7 31. Qd2 Ng7 32. Qxb4 Nc4 33. Qc3 Na3 34. Bc1 Ne6 35. Ne3 Nb1 36. Qa1 Bb4 37. Nc2 Bxe1 38. Nxe1 Ba6 39. a4 Qc7 40. Qxb1 1/2-1/2

[Event "Wch U20 59th"]
[Site "Cala Gonone"]
[Date "2022.10.20"]
[Round "9"]
[White "Stefansson, Vignir Vatnar"]
[Black "Galaviz Medina, Sion Radamantys"]
[Result "1-0"]
[WhiteElo "2471"]
[BlackElo "2345"]
[PlyCount "59"]
[EventDate "2022.10.12"]
[EventType "swiss"]
[EventRounds "11"]
[EventCountry "ITA"]
[SourceTitle "CBM 210 Extra"]
[Source "ChessBase"]
[SourceDate "2022.11.30"]
[SourceVersion "1"]
[SourceVersionDate "2022.11.30"]
[SourceQuality "1"]

1. d4 Nf6 2. c4 e6 3. Nf3 d5 4. Nc3 Be7 5. g3 0-0 6. Bg2 b6 7. cxd5 exd5 8. 0-0 h6 9. Bf4 Be6 10. Rc1 c5 11. Ne5 a6 12. dxc5 bxc5 13. Na4 Qa5 14. Nc4 Qd8 15. Ne5 Qa5 16. Qc2 Nfd7 17. Nc4 Qb5 18. Ne3 Nf6 19. Rfd1 Rd8 20. Nc3 Qb7 21. Be5 Nc6 22. Bxf6 Bxf6 23. Nexd5 Be5 24. Na4 Bxd5 25. Rxd5 Bd6 26. Nxc5 Qe7 27. Qe4 Rac8 28. Nd3 Nb4 29. Rxc8 Rxc8 30. Rxd6 1-0

[Event "Wch U20 59th"]
[Site "Cala Gonone"]
[Date "2022.10.13"]
[Round "3"]
[White "Galaviz Medina, Sion Radamantys"]
[Black "Tripodi, Enzo"]
[Result "1-0"]
[WhiteElo "2345"]
[BlackElo "2113"]
[PlyCount "115"]
[EventDate "2022.10.12"]
[EventType "swiss"]
[EventRounds "11"]
[EventCountry "ITA"]
[SourceTitle "CBM 210 Extra"]
[Source "ChessBase"]
[SourceDate "2022.11.30"]
[SourceVersion "1"]
[SourceVersionDate "2022.11.30"]
[SourceQuality "1"]

1. d4 Nf6 2. c4 e6 3. Nc3 Bb4 4. Qc2 0-0 5. a3 Bxc3+ 6. Qxc3 b6 7. Bg5 Bb7 8. f3 h6 9. Bh4 d6 10. e3 Nbd7 11. Bd3 c5 12. Ne2 Rc8 13. Qd2 Qc7 14. 0-0 Rfe8 15. Rac1 Qb8 16. b4 d5 17. cxd5 cxd4 18. Nxd4 Nxd5 19. Bb5 Qd6 20. Bg3 Qe7 21. e4 N5f6 22. Bc6 Ba8 23. Bxa8 Rxc1 24. Rxc1 Rxa8 25. Rc7 Qe8 26. Nc6 a5 27. b5 Kh8 28. Qd6 Rc8 29. Rb7 Nc5 30. Re7 Qf8 31. Rc7 Qe8 32. Qe7 Qxe7 33. Nxe7 Rxc7 34. Bxc7 Nfd7 35. Nc8 Na4 36. Kf2 Nc3 37. Nd6 Nb1 38. Nc4 Nc3 39. Nxb6 Nxb5 40. Nxd7 Nxc7 41. a4 f6 42. Ke3 e5 43. Kd3 Kg8 44. Kc4 Kf7 45. Nc5 g6 46. Nb3 Ke6 47. Nxa5 Kd6 48. Nb7+ Kc6 49. Nc5 h5 50. Nd3 g5 51. Nb4+ Kd6 52. Nd5 Ne8 53. Kb5 f5 54. a5 fxe4 55. fxe4 Kd7 56. a6 Nd6+ 57. Kb6 Nc4+ 58. Kc5 1-0

[Event "Pan American-ch U18"]
[Site "Montevideo"]
[Date "2022.06.27"]
[Round "2"]
[White "Galaviz Medina, Sion Radamantys"]
[Black "Jaque Gutierrez, Matias"]
[Result "0-1"]
[WhiteElo "2379"]
[BlackElo "2011"]
[PlyCount "92"]
[EventDate "2022.06.26"]
[EventType "swiss"]
[EventRounds "9"]
[EventCountry "URU"]
[SourceTitle "EXT 2023"]
[Source "ChessBase"]
[SourceDate "2022.10.05"]
[SourceVersion "1"]
[SourceVersionDate "2022.10.05"]
[SourceQuality "1"]

1. d4 d5 2. c4 e6 3. Nc3 Nf6 4. cxd5 exd5 5. Bg5 c6 6. e3 Bd6 7. Bd3 0-0 8. Qc2 h6 9. Bh4 Re8 10. Nge2 a5 11. h3 Na6 12. a3 Nc7 13. g4 Ne6 14. 0-0-0 b5 15. f4 g5 16. fxg5 hxg5 17. Bg3 b4 18. Bxd6 Qxd6 19. Rdf1 Ng7 20. Na4 bxa3 21. b3 Rb8 22. Rf3 Ne4 23. Nc5 a4 24. Nxa4 Qb4 25. Nec3 Nxc3 26. Nxc3 Qxb3 27. Qxb3 Rxb3 28. Kd2 Rb2+ 29. Bc2 Be6 30. Na4 Reb8 31. Nxb2 axb2 32. Rb1 Ne8 33. Kc3 Nd6 34. Rxb2 Ra8 35. Bd3 Ra3+ 36. Rb3 Ne4+ 37. Kc2 Rxb3 38. Kxb3 Nd2+ 39. Kb4 Nxf3 40. Kc5 Ne1 41. Bb1 Ng2 42. e4 Nf4 43. Kxc6 Kg7 44. Kd6 Kf6 45. e5+ Kg7 46. Bf5 Kf8 0-1